[Event "Euro Online U2300 Day 2"]
[Site "chess.com INT"]
[Date "2020.05.26"]
[Round "7"]
[White "Afonasieva, Anna"]
[Black "Hansch, Karsten"]
[Result "1-0"]
[WhiteTitle "WIM"]
[BlackTitle "FM"]
[WhiteElo "2274"]
[BlackElo "2300"]
[WhiteFideId "24173606"]
[BlackFideId "24692239"]
[EventDate "2020.05.26"]

1. d4 Nf6 2. Bf4 g6 3. e3 Bg7 4. Nf3 O-O 5. h3 d6 6. Be2 c5 7. c3 Nc6 8. O-O b6
9. a4 Bb7 10. Nbd2 d5 11. Ne5 Nxe5 12. Bxe5 cxd4 13. cxd4 a6 14. b4 Qd7 15. Qb3
Rac8 16. Rfc1 Rxc1+ 17. Rxc1 Rc8 18. Rxc8+ Qxc8 19. Qb2 Ne8 20. Bxg7 Kxg7 21. b5
a5 22. Bf3 Nd6 23. Nb1 Qf5 24. Nc3 Nc4 25. Qe2 h5 26. e4 dxe4 27. Bxe4 Bxe4 28.
Qxc4 Bd3 29. Qc7 Qf6 30. Nd5 Qxd4 31. Nxb6 Qb4 32. Nd5 Qe1+ 33. Kh2 e5 34. b6
Ba6 35. b7 Bxb7 36. Qxb7 Qxf2 37. Qb6 Qe1 38. Qf6+ Kf8 39. Qh8# 1-0

[Event "Euro Online U2300 Day 2"]
[Site "chess.com INT"]
[Date "2020.05.26"]
[Round "7"]
[White "Galiana Fernandez, Adrian"]
[Black "Melnikov, Sergey"]
[Result "0-1"]
[WhiteTitle "FM"]
[WhiteElo "2260"]
[BlackElo "2039"]
[WhiteFideId "32010150"]
[BlackFideId "34141062"]
[EventDate "2020.05.26"]

1. e4 c6 2. d4 d5 3. e5 Bf5 4. Nf3 e6 5. Be2 Ne7 6. O-O Nd7 7. Nbd2 Bg6 8. Nb3
Nf5 9. a4 Be7 10. g4 Nh4 11. Nxh4 Bxh4 12. f4 h6 13. f5 Bh7 14. Bd3 O-O 15. fxe6
fxe6 16. Bxh7+ Kxh7 17. Qd3+ Kg8 18. Bd2 Qe7 19. a5 b6 20. a6 c5 21. Qg6 c4 22.
Bb4 Qxb4 23. Qxe6+ Kh8 24. Qxd7 cxb3 25. c3 Qc4 26. e6 Rfd8 27. Qb7 Qe2 28. Rf7
Qxg4+ 29. Kh1 Qe4+ 30. Kg1 Rg8 31. e7 Qg6+ 0-1

[Event "Euro Online U2300 Day 2"]
[Site "chess.com INT"]
[Date "2020.05.26"]
[Round "7"]
[White "Erdogan, Anil Berk"]
[Black "Gevorgyan, Albert"]
[Result "0-1"]
[WhiteTitle "CM"]
[WhiteElo "2155"]
[BlackElo "2170"]
[WhiteFideId "6348173"]
[BlackFideId "13309951"]
[EventDate "2020.05.26"]

1. e4 e5 2. Nf3 Nc6 3. Bb5 a6 4. Ba4 Nge7 5. c3 g6 6. d4 exd4 7. cxd4 b5 8. Bc2
Bg7 9. d5 Na5 10. Bd2 c5 11. Bc3 O-O 12. O-O d6 13. Nfd2 f5 14. Bxg7 Kxg7 15. f3
Qb6 16. Nc3 c4+ 17. Kh1 Ra7 18. a3 Rc7 19. Ne2 Nb7 20. Nb1 Nc5 21. Nbc3 Ng8 22.
Qd4+ Nf6 23. f4 Nd7 24. e5 dxe5 25. fxe5 Qxd4 26. Nxd4 Nxe5 27. Rae1 Re8 28. Rf2
Nd3 29. Rxe8 Nxf2+ 30. Kg1 Nh3+ 31. gxh3 Nxe8 32. Kf2 Kf6 33. Ke3 Nd6 34. Nc6
Bb7 35. Na5 Ke5 36. Bd1 f4+ 37. Kf2 Bxd5 38. Nxd5 Kxd5 39. Bf3+ Kc5 40. b4+ cxb3
41. Nxb3+ Kc4 42. Nd2+ Kd3 43. Nf1 Rc2+ 44. Ke1 Nc4 45. Kd1 Rf2 0-1

[Event "Euro Online U2300 Day 2"]
[Site "chess.com INT"]
[Date "2020.05.26"]
[Round "7"]
[White "Ristic, Nenad"]
[Black "Baranow, Sergey"]
[Result "0-1"]
[WhiteTitle "GM"]
[WhiteElo "2332"]
[BlackElo "2192"]
[WhiteFideId "901318"]
[BlackFideId "24155055"]
[EventDate "2020.05.26"]

1. e4 c5 2. Nf3 a6 3. c3 e6 4. d4 cxd4 5. cxd4 d5 6. e5 Bb4+ 7. Nc3 Nc6 8. Bd3
f5 9. exf6 Nxf6 10. O-O O-O 11. Re1 Bd7 12. a3 Ba5 13. Bg5 h6 14. Bh4 Bb6 15.
Bc2 Ne7 16. Ne5 g5 17. Bg3 Nf5 18. Bxf5 exf5 19. Nxd7 Qxd7 20. Be5 Rad8 21. Bxf6
Rxf6 22. Re5 Bc7 23. Rxd5 Bd6 24. Qb3 Kg7 25. Re1 Qf7 26. g3 f4 27. Qd1 fxg3 28.
fxg3 Rf8 29. Qe2 Rf2 30. Qd3 Qh5 31. h4 R8f3 32. Qe4 Qf7 33. Rxd6 Rxg3+ 34. Kh1
Rh2+ 35. Kxh2 Qf2+ 36. Kh1 Rh3# 0-1

[Event "Euro Online U2300 Day 2"]
[Site "chess.com INT"]
[Date "2020.05.26"]
[Round "7"]
[White "Lund, Terje"]
[Black "Vanek, Tomas"]
[Result "0-1"]
[BlackTitle "FM"]
[WhiteElo "2104"]
[BlackElo "2080"]
[WhiteFideId "1504754"]
[BlackFideId "313459"]
[EventDate "2020.05.26"]

1. d4 f5 2. Nf3 Nf6 3. c4 g6 4. g3 Bg7 5. Bg2 O-O 6. O-O d6 7. Nc3 c6 8. Qc2 Na6
9. a3 Nc7 10. e4 fxe4 11. Nxe4 Bf5 12. Nxf6+ exf6 13. Qb3 Rb8 14. Be3 Be4 15.
Rfe1 d5 16. Nd2 Bxg2 17. Kxg2 g5 18. f4 h6 19. Bf2 dxc4 20. Nxc4 Qd5+ 21. Kg1
Rfe8 22. Rxe8+ Rxe8 23. Qxb7 Ne6 24. Ne3 Qe4 25. Rd1 gxf4 26. Nc4 Ng5 27. Nd6
Nh3+ 28. Kf1 Qh1+ 29. Bg1 Qxg1# 0-1

[Event "Euro Online U2300 Day 2"]
[Site "chess.com INT"]
[Date "2020.05.26"]
[Round "7"]
[White "Stan, Andrei-Mihaita"]
[Black "Antova, Gabriela"]
[Result "1-0"]
[BlackTitle "FM"]
[WhiteElo "2044"]
[BlackElo "2255"]
[WhiteFideId "1232118"]
[BlackFideId "2915235"]
[EventDate "2020.05.26"]

1. d4 Nf6 2. c4 c5 3. d5 e6 4. Nc3 exd5 5. cxd5 d6 6. e4 g6 7. f4 Bg7 8. Bb5+
Nfd7 9. a4 O-O 10. Nf3 Na6 11. O-O Nb4 12. Re1 a6 13. Bf1 Re8 14. h3 f5 15. Ng5
Nf8 16. Bc4 fxe4 17. Ncxe4 h6 18. Nf3 Bf5 19. Nfd2 Kh7 20. Ra3 Bd4+ 21. Kh1 Qh4
22. Nf3 Qh5 23. Ng3 Bc2 24. Qd2 1-0

[Event "Euro Online U2300 Day 2"]
[Site "chess.com INT"]
[Date "2020.05.26"]
[Round "7"]
[White "Gadimbayli, Abdulla"]
[Black "Martirosyan, Haik M."]
[Result "1/2-1/2"]
[WhiteTitle "IM"]
[BlackTitle "GM"]
[WhiteElo "2470"]
[BlackElo "2617"]
[WhiteFideId "13404938"]
[BlackFideId "13306553"]
[EventDate "2020.05.26"]

1. e4 b6 2. d4 Bb7 3. Nc3 g6 4. Nf3 Bg7 5. Be2 e6 6. Be3 d6 7. Qd2 h6 8. O-O Nd7
9. Rad1 Ne7 10. Rfe1 a6 11. a4 g5 12. h3 Ng6 13. Nh2 O-O 14. Bd3 f5 15. exf5
exf5 16. f3 d5 17. Bf2 Qf6 18. Ne2 Qf7 19. c3 c5 20. Bb1 c4 21. Ng3 Nh4 22. Re2
Rae8 23. Rde1 Rxe2 24. Qxe2 Bc6 25. Qc2 Bh8 26. Ngf1 Ng6 27. Ng3 Nh4 28. Ngf1
Ng6 29. Ng3 Nh4 1/2-1/2

[Event "Euro Online U2300 Day 2"]
[Site "chess.com INT"]
[Date "2020.05.26"]
[Round "7"]
[White "Basa, Manasvita"]
[Black "Roque, Gaetan"]
[Result "0-1"]
[WhiteElo "1711"]
[BlackElo "2128"]
[WhiteFideId "1060228"]
[BlackFideId "20666934"]
[EventDate "2020.05.26"]

1. e4 Nf6 2. e5 Nd5 3. d4 d6 4. f4 dxe5 5. fxe5 Bf5 6. Nf3 e6 7. c3 c5 8. Bd3
Bxd3 9. Qxd3 Nc6 10. O-O Be7 11. Nbd2 O-O 12. Ne4 cxd4 13. cxd4 h6 14. Bd2 Qb6
15. Bc3 Ncb4 16. Qd2 Rac8 17. a3 Nxc3 18. bxc3 Nd5 19. Rab1 Qa6 20. Rb3 Rc7 21.
Rfb1 Rfc8 22. Ne1 b6 23. Nd3 Bg5 24. Nxg5 hxg5 25. Qxg5 Qxd3 26. Qg4 Nxc3 27.
Rd1 Ne2+ 0-1

[Event "Euro Online U2300 Day 2"]
[Site "chess.com INT"]
[Date "2020.05.26"]
[Round "7"]
[White "Sedina, Elena"]
[Black "Kabanova, Ekaterina"]
[Result "0-1"]
[WhiteTitle "IM"]
[BlackTitle "WFM"]
[WhiteElo "2299"]
[BlackElo "2138"]
[WhiteFideId "812153"]
[BlackFideId "24112917"]
[EventDate "2020.05.26"]

1. e4 c5 2. Nf3 e6 3. c3 Qc7 4. d4 a6 5. Bd3 d6 6. O-O b5 7. Re1 Be7 8. e5 dxe5
9. dxe5 Bb7 10. Bf4 Nd7 11. Nbd2 Rd8 12. Qe2 Nb6 13. c4 Nh6 14. cxb5 c4 15. Be4
axb5 16. Bxh6 gxh6 17. Bxb7 Qxb7 18. Ne4 Rg8 19. Rad1 Nd5 20. Qd2 Rg6 21. g3 Kf8
22. h4 h5 23. Qe2 Qb6 24. Kh1 Qc6 25. Kh2 Rg4 26. Nc3 b4 27. Ne4 c3 28. bxc3
bxc3 29. Rc1 Rc8 30. Neg5 h6 31. Ne4 Qb6 32. Kg2 Nf4+ 0-1

[Event "Euro Online U2300 Day 2"]
[Site "chess.com INT"]
[Date "2020.05.26"]
[Round "7"]
[White "Martinkus, Rolandas"]
[Black "Tobak, Mikhail"]
[Result "0-1"]
[WhiteTitle "FM"]
[WhiteElo "2117"]
[BlackElo "2067"]
[WhiteFideId "12800481"]
[BlackFideId "14165570"]
[EventDate "2020.05.26"]

1. Nf3 Nf6 2. c4 b6 3. d3 Bb7 4. e4 d6 5. Nc3 Nbd7 6. g3 e6 7. Bg2 Be7 8. O-O
O-O 9. Ne1 c6 10. d4 e5 11. d5 cxd5 12. cxd5 Ba6 13. Nd3 Nc5 14. Nxc5 Bxf1 15.
Nb3 Bxg2 16. Kxg2 Nd7 17. f3 Nc5 18. Be3 Nxb3 19. Qxb3 f5 20. exf5 Rxf5 21. Ne4
Qd7 22. Rf1 Rc8 23. Rf2 h6 24. a4 Rcf8 25. Qd1 Qc7 26. b4 Qc4 27. b5 Qb4 28. Qc2
Bg5 29. Bxg5 hxg5 30. g4 Rf4 31. h3 Qd4 32. Nxg5 e4 33. Nxe4 Qxd5 34. Rd2 Qe5
35. Qc4+ Kh8 36. Rd5 Qb2+ 37. Kh1 g6 38. Qd4+ Qxd4 39. Rxd4 Rxf3 40. Rxd6 Rxh3+
41. Kg2 Re3 42. Ng5 Rf4 43. Rxg6 Rxg4+ 44. Kf2 Reg3 0-1

[Event "Euro Online U2300 Day 2"]
[Site "chess.com INT"]
[Date "2020.05.26"]
[Round "7"]
[White "Jeszenszky, Jozsef"]
[Black "Suleymanli, Aydin"]
[Result "1/2-1/2"]
[BlackTitle "IM"]
[WhiteElo "2099"]
[BlackElo "2512"]
[WhiteFideId "753564"]
[BlackFideId "13413937"]
[EventDate "2020.05.26"]

1. d4 Nf6 2. c4 Nc6 3. Nf3 e6 4. Nc3 d6 5. e3 g6 6. Bd3 Bg7 7. O-O O-O 8. b3 e5
9. Bb2 Nd7 10. Be2 h6 11. Qd2 Kh7 12. Rfd1 f5 13. dxe5 Ndxe5 14. Nxe5 dxe5 15.
Qxd8 Nxd8 16. Nd5 Ne6 17. Rac1 Rf7 18. b4 c6 19. Nc3 Bd7 20. Rd2 a5 21. a3 axb4
22. axb4 Bf8 23. b5 Nc5 24. Rcd1 Be6 25. g3 e4 26. h4 Bg7 27. Rd6 Be5 28. Rd8
Rxd8 29. Rxd8 Nd3 30. Bxd3 exd3 31. bxc6 Bxc4 32. Na4 Bg7 33. Bxg7 Kxg7 34. Nb2
Ba6 35. Nxd3 Bxd3 36. Rxd3 bxc6 37. Rc3 Rc7 38. Rc5 Kf6 39. Kg2 Ke6 40. Kf3 Kd6
41. Ra5 1/2-1/2

[Event "Euro Online U2300 Day 2"]
[Site "chess.com INT"]
[Date "2020.05.26"]
[Round "7"]
[White "Babiy, Olga"]
[Black "Sirosh, Ilja"]
[Result "0-1"]
[WhiteTitle "WGM"]
[BlackTitle "IM"]
[WhiteElo "2228"]
[BlackElo "2405"]
[WhiteFideId "14117258"]
[BlackFideId "4500458"]
[EventDate "2020.05.26"]

1. e4 e5 2. Nf3 Nc6 3. Nc3 Nf6 4. a3 d5 5. Bb5 Nxe4 6. Qe2 Qd6 7. Nxe4 dxe4 8.
Qxe4 Bd7 9. d4 f5 10. Qe2 e4 11. Bxc6 Bxc6 12. c3 Be7 13. Ne5 O-O 14. h4 f4 15.
Bd2 b5 16. Qg4 f3 17. g3 Bd5 18. Bg5 Bf6 19. Bxf6 Rxf6 20. O-O-O a5 21. h5 b4
22. axb4 axb4 23. Qd7 bxc3 24. bxc3 Qa3+ 25. Kd2 Qb2+ 26. Ke1 Qe2# 0-1

[Event "Euro Online U2300 Day 2"]
[Site "chess.com INT"]
[Date "2020.05.26"]
[Round "7"]
[White "Ponce Cano, Adrian"]
[Black "Zvereva, Margarita"]
[Result "1-0"]
[WhiteTitle "FM"]
[BlackTitle "WFM"]
[WhiteElo "2169"]
[BlackElo "1929"]
[WhiteFideId "22296913"]
[BlackFideId "34177741"]
[EventDate "2020.05.26"]

1. e4 c5 2. Nf3 d6 3. c3 Nf6 4. Be2 g6 5. O-O Bg7 6. Re1 O-O 7. Bf1 Nc6 8. d4
cxd4 9. cxd4 Bg4 10. d5 Ne5 11. Nbd2 Nxf3+ 12. Nxf3 Rc8 13. h3 Bd7 14. Bd3 e6
15. Bf4 exd5 16. Bxd6 Re8 17. e5 Nh5 18. Qd2 Bf8 19. Bxf8 Rxf8 20. Qh6 f5 21. e6
Bxe6 22. Rxe6 Qd7 23. Rae1 Rce8 24. Rxe8 Rxe8 25. Rxe8+ Qxe8 26. Qe3 Qa4 27.
Qe6+ Kf8 28. Ne5 Kg7 29. Qe7+ Kh6 30. Nf7+ Kg7 31. Ng5+ Kh6 32. Ne6 Qd1+ 33. Bf1
Qd2 34. Qf8+ 1-0

[Event "Euro Online U2300 Day 2"]
[Site "chess.com INT"]
[Date "2020.05.26"]
[Round "7"]
[White "Ohanyan, Emin"]
[Black "Berdnyk, Mariia"]
[Result "0-1"]
[WhiteTitle "FM"]
[BlackTitle "FM"]
[WhiteElo "2291"]
[BlackElo "2324"]
[WhiteFideId "13312022"]
[BlackFideId "14137054"]
[EventDate "2020.05.26"]

1. e4 c5 2. Nf3 d6 3. d4 cxd4 4. Nxd4 Nf6 5. Nc3 g6 6. Be3 Bg7 7. f3 O-O 8. Qd2
Nc6 9. O-O-O d5 10. exd5 Nxd5 11. Nxc6 bxc6 12. Bd4 Bxd4 13. Qxd4 Qb6 14. Na4
Qa5 15. b3 Be6 16. Bc4 Rfd8 17. Qc5 Qc7 18. g3 Qe5 19. Qd4 Qf5 20. Qe4 Qf6 21.
Kb1 Rd6 22. f4 Bg4 23. Rde1 Re6 24. Qd3 Rd8 25. Rxe6 Bxe6 26. Qd2 Bf5 27. Qe1
Qd4 28. Qd1 Qxd1+ 29. Rxd1 Bxc2+ 30. Kb2 0-1

[Event "Euro Online U2300 Day 2"]
[Site "chess.com INT"]
[Date "2020.05.26"]
[Round "7"]
[White "Ranaldi, Lucas"]
[Black "Prydun, Andriy"]
[Result "0-1"]
[WhiteTitle "FM"]
[BlackTitle "FM"]
[WhiteElo "2353"]
[BlackElo "2254"]
[WhiteFideId "1519484"]
[BlackFideId "14145898"]
[EventDate "2020.05.26"]

1. Nf3 d5 2. e3 Nf6 3. c4 c6 4. Nc3 e6 5. b3 Bd6 6. Bb2 Qe7 7. Be2 Ba3 8. Bxa3
Qxa3 9. O-O O-O 10. Qc2 Nbd7 11. d4 b6 12. Rfd1 Ba6 13. Rd2 Rac8 14. Rad1 c5 15.
dxc5 Nxc5 16. Nb1 Qb4 17. Rd4 Nce4 18. a3 Qe7 19. Ne5 b5 20. Qb2 bxc4 21. bxc4
Qc7 22. f4 Rb8 23. Qa2 h6 24. Bf1 Rxb1 25. Qxb1 Nc3 26. Qc2 Nxd1 27. Qxd1 Rb8
28. cxd5 Bxf1 29. d6 Qc3 30. Kf2 Rb2+ 31. Kxf1 Qxe3 32. Ng4 Nxg4 0-1

[Event "Euro Online U2300 Day 2"]
[Site "chess.com INT"]
[Date "2020.05.26"]
[Round "7"]
[White "Taspinar, Yanki"]
[Black "Ozenir, Ekin Baris"]
[Result "0-1"]
[WhiteTitle "CM"]
[BlackTitle "IM"]
[WhiteElo "2178"]
[BlackElo "2309"]
[WhiteFideId "34561188"]
[BlackFideId "6357415"]
[EventDate "2020.05.26"]

1. d4 Nf6 2. c4 e6 3. Nc3 Bb4 4. e3 O-O 5. Bd3 c5 6. Ne2 b6 7. O-O Bb7 8. b3
cxd4 9. exd4 d5 10. Bb2 dxc4 11. bxc4 Nc6 12. a3 Be7 13. Ne4 Na5 14. N4g3 Rc8
15. Rc1 Ba6 16. Qa4 Qd7 17. Qxd7 Nxd7 18. Rc2 Bxc4 19. Rfc1 b5 20. Be4 Nf6 21.
Bf3 Nb3 22. Rd1 Bd5 23. Rxc8 Rxc8 24. Bxd5 Nxd5 25. Rd3 Na5 26. f3 Rc2 27. Bc1
h6 28. Kf1 Ra2 29. Ne4 Nc4 30. Nc5 Ra1 31. Kf2 Bg5 32. f4 Be7 33. Rb3 Nc7 34. a4
a6 35. axb5 axb5 36. g4 Ra2 37. Kf3 Na5 38. Rb1 Nc6 39. Be3 b4 40. Nd3 Nd5 41.
Rc1 Ra3 42. Rd1 Na5 43. Bc1 Ra2 44. Bb2 Nc4 45. Ba1 b3 46. Nec1 Rxa1 0-1

[Event "Euro Online U2300 Day 2"]
[Site "chess.com INT"]
[Date "2020.05.26"]
[Round "7"]
[White "Miletic, Vuk"]
[Black "Gorodetzky, Matan"]
[Result "0-1"]
[BlackTitle "FM"]
[WhiteElo "2159"]
[BlackElo "2284"]
[WhiteFideId "16503406"]
[BlackFideId "2813394"]
[EventDate "2020.05.26"]

1. d4 d5 2. c4 e6 3. Nc3 c5 4. cxd5 exd5 5. Nf3 Nc6 6. g3 Nf6 7. Bg2 cxd4 8.
Nxd4 Bc5 9. Nb3 Bb6 10. O-O d4 11. Na4 O-O 12. Bg5 Re8 13. Rc1 Bg4 14. Re1 h6
15. Bxf6 Qxf6 16. Nxb6 axb6 17. a3 Rad8 18. Qd3 Re7 19. Qb5 Ne5 20. h3 Bh5 21.
Qb4 Red7 22. f4 Ng6 23. Nd2 Re8 24. Ne4 Qf5 25. Nd6 Qe6 26. Nxe8 Qxe8 27. f5
Qe3+ 28. Kh2 Ne5 29. Qa4 Bxe2 30. Qa8+ Kh7 31. f6 gxf6 32. Rc8 Ng6 33. Bf1 Qf2+
34. Bg2 Qxe1 35. Rg8 Bf1 36. h4 Qe2 0-1

[Event "Euro Online U2300 Day 2"]
[Site "chess.com INT"]
[Date "2020.05.26"]
[Round "7"]
[White "Abdullayev, Azer"]
[Black "Novikova, Galina"]
[Result "1-0"]
[BlackTitle "WFM"]
[WhiteElo "2039"]
[BlackElo "2073"]
[WhiteFideId "13403400"]
[BlackFideId "4157095"]
[EventDate "2020.05.26"]

1. d4 d5 2. c4 e6 3. Nc3 c6 4. e3 f5 5. g4 Nf6 6. gxf5 exf5 7. cxd5 cxd5 8. Qa4+
Nc6 9. Bd3 Be7 10. Nge2 O-O 11. Nf4 Kh8 12. h4 Nb4 13. Be2 Ne4 14. h5 Bh4 15.
Nxe4 dxe4 16. Qxb4 Bd7 17. Bd2 Rc8 18. Bc3 Bf6 19. Ng6+ hxg6 20. hxg6+ Bh4 21.
Bc4 Rc6 22. Qxf8+ Qxf8 23. Rxh4# 1-0

[Event "Euro Online U2300 Day 2"]
[Site "chess.com INT"]
[Date "2020.05.26"]
[Round "7"]
[White "Hasanagic, Alim"]
[Black "Rajkovic, Dusan"]
[Result "0-1"]
[WhiteTitle "CM"]
[BlackTitle "GM"]
[WhiteElo "2225"]
[BlackElo "2267"]
[WhiteFideId "14605198"]
[BlackFideId "900265"]
[EventDate "2020.05.26"]

1. d4 Nf6 2. Bg5 Ne4 3. Bf4 c5 4. f3 Qa5+ 5. c3 Nf6 6. d5 Qb6 7. Bc1 d6 8. e4 g6
9. Nd2 Bg7 10. Bd3 O-O 11. Ne2 e6 12. c4 Re8 13. a4 Na6 14. a5 Qd8 15. Nc3 Nb4
16. Be2 Qe7 17. O-O Bd7 18. Re1 Nh5 19. Nf1 exd5 20. Nxd5 Nxd5 21. cxd5 f5 22.
exf5 Bd4+ 23. Kh1 Bf2 24. g4 Bxe1 25. Bd3 Nf6 26. Bg5 gxf5 27. gxf5 Bf2 28. Qc2
Bd4 29. Ng3 Qg7 30. Qd2 Kh8 31. Bh6 Qf7 32. Ne4 Nxe4 33. fxe4 Rg8 34. Rf1 Rae8
35. Bf4 Qf6 36. Qd1 Be5 37. Bxe5 Rxe5 38. b3 Re7 39. Qf3 Reg7 40. Bc4 Qd4 41.
Qd1 Qxe4+ 0-1

[Event "Euro Online U2300 Day 2"]
[Site "chess.com INT"]
[Date "2020.05.26"]
[Round "7"]
[White "Abbasov, Amil1"]
[Black "Buksa, Nataliya"]
[Result "1-0"]
[BlackTitle "IM"]
[WhiteElo "2172"]
[BlackElo "2410"]
[WhiteFideId "13402277"]
[BlackFideId "14123622"]
[EventDate "2020.05.26"]

1. e4 c5 2. Nf3 Nc6 3. Bb5 g6 4. O-O Bg7 5. c3 e5 6. Re1 Nge7 7. d4 cxd4 8. cxd4
exd4 9. e5 O-O 10. Bg5 Qb6 11. Na3 Nf5 12. g4 Nfe7 13. Bf6 Bxf6 14. exf6 Nd5 15.
g5 Nc7 16. Qd3 a6 17. Qe4 d5 18. Qh4 Kh8 19. Qh6 Rg8 20. Bxc6 bxc6 21. Rad1 c5
22. Ne5 Be6 23. Rd3 Raf8 24. Rf3 Qxb2 25. Rf4 Qd2 26. Qxh7+ 1-0

[Event "Euro Online U2300 Day 2"]
[Site "chess.com INT"]
[Date "2020.05.26"]
[Round "7"]
[White "Schlegel, Igor"]
[Black "Laux, Dominik"]
[Result "1-0"]
[WhiteElo "2027"]
[BlackElo "2009"]
[WhiteFideId "1334956"]
[BlackFideId "12994219"]
[EventDate "2020.05.26"]

1. e4 c6 2. d4 d5 3. exd5 cxd5 4. c4 Nf6 5. Nc3 Nc6 6. Bg5 dxc4 7. Bxc4 h6 8.
Bh4 Qxd4 9. Qxd4 Nxd4 10. O-O-O e5 11. f4 Bg4 12. Nf3 Rc8 13. Nxe5 Bxd1 14.
Bxf7+ Ke7 15. Rxd1 Ne2+ 16. Kb1 Nxc3+ 17. bxc3 g5 18. fxg5 hxg5 19. Bxg5 Rc7 20.
Bb3 Rxh2 21. Bxf6+ Kxf6 22. Ng4+ 1-0

[Event "Euro Online U2300 Day 2"]
[Site "chess.com INT"]
[Date "2020.05.26"]
[Round "7"]
[White "Hansen, Carsten"]
[Black "Akhmedov, David"]
[Result "1-0"]
[WhiteTitle "FM"]
[WhiteElo "2270"]
[BlackElo "1808"]
[WhiteFideId "1400444"]
[BlackFideId "34220194"]
[EventDate "2020.05.26"]

1. Nf3 Nf6 2. c4 g6 3. Nc3 Bg7 4. d4 O-O 5. Bg5 d6 6. e3 Nbd7 7. Qc2 c5 8. d5 a6
9. a4 b6 10. Rd1 Bb7 11. Be2 Rb8 12. O-O Ba8 13. e4 h6 14. Bh4 Nh5 15. Bg3 Nxg3
16. hxg3 Nf6 17. e5 dxe5 18. Nxe5 Qc7 19. Nd3 Ne8 20. Bf3 Nd6 21. Rfe1 Nxc4 22.
b3 Nd6 23. Ne5 Nf5 24. d6 exd6 25. Bxa8 Rxa8 26. Nd5 Qb7 27. Nc4 Nd4 28. Qe4 f5
29. Nf6+ Bxf6 30. Qxb7 Rad8 31. Qd5+ Kg7 32. Nxb6 Rfe8 33. Rxe8 Rxe8 34. Qxd6
Re2 35. Nd5 Re6 36. Qd7+ Kf8 37. Qc8+ Kf7 38. Qd7+ Kf8 39. b4 cxb4 40. Nf4 Ne2+
41. Nxe2 Rxe2 42. Qc8+ Kf7 43. Qc4+ Re6 44. Re1 b3 45. Qxe6+ Kg7 46. Qd7+ Be7
47. Rxe7+ Kf6 48. Re6+ Kg5 49. f4+ Kh5 50. Qd1# 1-0

[Event "Euro Online U2300 Day 2"]
[Site "chess.com INT"]
[Date "2020.05.26"]
[Round "7"]
[White "Koskela, Niina"]
[Black "Laptii, Nazar"]
[Result "0-1"]
[WhiteTitle "WGM"]
[WhiteElo "2197"]
[BlackElo "2180"]
[WhiteFideId "500755"]
[BlackFideId "14174332"]
[EventDate "2020.05.26"]

1. e4 c5 2. Nf3 d6 3. d4 cxd4 4. Nxd4 Nf6 5. Nc3 g6 6. Be2 Bg7 7. O-O O-O 8. Nb3
Nc6 9. Be3 Be6 10. f4 Na5 11. f5 Bc4 12. Bd3 Bxd3 13. cxd3 Rc8 14. Kh1 a6 15. g4
Nxb3 16. axb3 Nd7 17. d4 e6 18. g5 exf5 19. exf5 Re8 20. Qf3 Qe7 21. Rae1 Bf8
22. Bd2 Qd8 23. Nd5 Rxe1 24. Rxe1 Rc2 25. fxg6 hxg6 26. Re2 Rxd2 27. Rxd2 Qxg5
28. Rc2 Bg7 29. Qg2 Qh4 30. Re2 Qxd4 31. Re8+ Bf8 32. Ne7+ Kh7 33. Qh3+ Kg7 34.
Qc3 Qxc3 35. bxc3 Nf6 36. Rb8 Bxe7 37. Rxb7 Bf8 38. Ra7 Ne4 39. Rxa6 Nxc3 40.
Rc6 Nd5 41. Rc4 Ne3 42. Re4 Nf5 43. b4 d5 44. Rg4 d4 45. b5 d3 46. b6 d2 47. Rg1
Ne3 48. b7 Bd6 0-1

[Event "Euro Online U2300 Day 2"]
[Site "chess.com INT"]
[Date "2020.05.26"]
[Round "7"]
[White "Poghosyan, Suren"]
[Black "Ioannidis, Evgenios"]
[Result "1/2-1/2"]
[WhiteTitle "FM"]
[BlackTitle "IM"]
[WhiteElo "2275"]
[BlackElo "2401"]
[WhiteFideId "13303201"]
[BlackFideId "4229274"]
[EventDate "2020.05.26"]

1. d4 d5 2. c4 c6 3. Nf3 Nf6 4. Nc3 e6 5. cxd5 exd5 6. Qc2 g6 7. Bg5 Bg7 8. e3
Bf5 9. Bd3 Bxd3 10. Qxd3 O-O 11. O-O Nbd7 12. b4 h6 13. Bh4 g5 14. Bg3 Qe7 15.
b5 Ne4 16. bxc6 bxc6 17. Nd2 f5 18. Ncxe4 dxe4 19. Qb3+ Kh8 20. f3 f4 21. Bf2
Rab8 22. Qc3 exf3 23. Nxf3 g4 24. Nh4 Qg5 25. Qd3 g3 26. Ng6+ Kg8 27. hxg3 fxg3
28. Bxg3 Rxf1+ 29. Rxf1 Qxg3 30. Ne7+ Kh8 31. Ng6+ Kg8 32. Ne7+ Kh8 33. Ng6+ Kg8 1/2-1/2

[Event "Euro Online U2300 Day 2"]
[Site "chess.com INT"]
[Date "2020.05.26"]
[Round "7"]
[White "Strybuk, Artsiom I"]
[Black "Shapiro, David"]
[Result "0-1"]
[WhiteTitle "FM"]
[BlackTitle "FM"]
[WhiteElo "2215"]
[BlackElo "2392"]
[WhiteFideId "13515659"]
[BlackFideId "24133523"]
[EventDate "2020.05.26"]

1. d4 d5 2. c4 e6 3. Nf3 a6 4. g3 dxc4 5. Bg2 b5 6. Ne5 c6 7. Nxc6 Qb6 8. Nxb8
Rxb8 9. O-O Bb7 10. Bxb7 Qxb7 11. b3 cxb3 12. axb3 Nf6 13. f3 Rd8 14. e4 Bc5 15.
Be3 Bxd4 16. Bxd4 e5 17. Bxe5 Rxd1 18. Rxd1 O-O 19. Bxf6 gxf6 20. Nc3 Qb6+ 21.
Kg2 Rc8 22. Nd5 Rc2+ 23. Kh3 Qe6+ 24. g4 f5 25. Nf4 fxg4+ 26. fxg4 Rc3+ 27. Rd3
Rxd3+ 28. Nxd3 Qxb3 0-1

[Event "Euro Online U2300 Day 2"]
[Site "chess.com INT"]
[Date "2020.05.26"]
[Round "7"]
[White "Alexakis, Dimitris"]
[Black "Doric, Nenad"]
[Result "0-1"]
[WhiteTitle "FM"]
[BlackTitle "IM"]
[WhiteElo "2450"]
[BlackElo "2249"]
[WhiteFideId "4277023"]
[BlackFideId "14501694"]
[EventDate "2020.05.26"]

1. e4 e5 2. Nf3 Nc6 3. d4 exd4 4. Nxd4 Bc5 5. Nb3 Bb6 6. Nc3 Nf6 7. Qe2 d6 8.
Bg5 h6 9. Bh4 Be6 10. O-O-O g5 11. Bg3 Qe7 12. Qd2 O-O-O 13. Bb5 Bxb3 14. Bxc6
Bc4 15. Bd5 Nxd5 16. exd5 f5 17. Rhe1 Qg7 18. f3 Ba5 19. Bf2 Bxc3 20. bxc3 Rhe8
21. a4 Qd7 22. a5 Qa4 23. Qd4 b6 24. Kd2 Rxe1 25. Rxe1 Qb5 26. axb6 axb6 27. Re7
Kb8 28. Re6 h5 29. Re7 g4 30. Rf7 Re8 31. Be3 Re5 32. Kc1 Ba2 33. c4 Qb1+ 34.
Kd2 Qb4+ 35. Kd3 Bxc4+ 36. Qxc4 Rxe3+ 37. Kd4 Qd2+ 38. Qd3 Rxd3+ 39. cxd3 Qf4+
40. Kc3 gxf3 41. gxf3 Qxf3 0-1